000 00580nam a2200193Ia 4500
003 GCL
008 140319s9999 xx 000 0 ara d
020 _a0805919977
040 _aGCL /
_cGCL
082 0 4 _a658.45
_bم م
100 1 _aمحسن احمد الخضيرى
245 1 0 _aمبادىء التفاوض /
_cمحسن احمد الخضيرى
250 _aالاولى
260 _aالقاهرة :
_bمجموعة النيل العربية ،
_c2003
300 _a173 ص ؛
_c24 سم
650 0 4 _aالمعاهدات
650 0 4 _aالمفاوضات
942 _2ddc
_cBK
999 _c5029
_d5029